Slovník medzinárodných vzťahov

Guardado en:
Detalles Bibliográficos
Autor principal: Novotný, Adolf
Formato: Libro
Lenguaje:eslovaco
Publicado: [Bratislava] Magnet Press Slovakia 2004
Materias:
Etiquetas: Agregar Etiqueta
Sin Etiquetas, Sea el primero en etiquetar este registro!

MARC

LEADER 00000nam$a2200000$$$4500
001 0070992
005 20240318113239.2
020 |a 80-89169-01-5 
041 0 |a slo 
044 |a SK 
245 1 0 |a Slovník medzinárodných vzťahov  |c Adolf Novotný 
264 1 |a [Bratislava]  |b Magnet Press Slovakia  |c 2004 
300 |a 336 s. 
610 2 0 |a vzťahy medzinárodné 
610 2 0 |a pojmy 
610 2 0 |a politika medzinárodná 
610 2 0 |a politika zahraničná 
100 1 |a Novotný, Adolf